History Quiz

Random History or Century Quiz

The Last Couple Dozen Centuries Quiz Stats

 Plays Quiz Updated Apr 14, 2015

Challenge
Share
Tweet
Embed
Score 0/24 Timer 08:00
1 Play Today
Hint Answer % Correct
This country was invaded on Sept. 1st, 1939Poland
95.9%
This long-lasting empire was founded by Osman I in 1299Ottoman Empire
82.4%
He became the last Tsar of Russia in 1895Nicholas II
80.6%
This civilization's capital, Tenochtitlan, was founded in 1325Aztec
80.3%
This 'Archetype of the Renaissance Man' was born near Florence in 1452Leonardo da Vinci
78.7%
He had created one of the largest empires in history by the time of his death in 323 BCAlexander the Great
70.3%
He became Lord Protector of England in 1653Oliver Cromwell
67.9%
This civilization began construction of Chichén Itzá in the early 600sMayans
67%
This modern day country had its temple restored by Judas Maccabeus in 164 BCIsrael
64.5%
This final Tudor monarch took the throne in 1558Elizabeth I
61.8%
He became Rome's first emperor in 27 BCOctavian
58.6%
This explorer founded the first Nordic settlement in Greenland in 985Erik the Red
56.9%
Hint Answer % Correct
This Islamic people began an 8 year conquest of Hispania in 711Moors
49.4%
Construction on this famous Istanbul landmark began in 532Hagia Sophia
47.7%
This island was invaded by Claudius in 43 ADGreat Britain
45%
His Edict of Milan proclaimed religious tolerance of Christians in 313Constantine I
44.2%
He regretted having but one life to give for his country prior to his hanging in 1776Nathan Hale
34%
This temple complex was built for king Suryavarman II in the early 12th centuryAngkor Wat
30.7%
This great survey of much of England and Wales was completed in 1086Domesday Book
29.7%
This people spent much of the century conquering modern day HungaryMagyars
22.8%
This eastern sect of a divided group established the Kingdom of Italy in 495Ostrogoths
16.9%
His accession to Roman Emperor in 284 ended the crisis of the third centuryDiocletian
9.5%
He is credited with calculating the circumference of the earth c. 240 BCEratosthenes
4.8%
This book, which became the basis for astronomy until Copernicus, was compiled by PtolemyAlmagest
3.3%

You're not logged in!

Compare scores with friends on all Sporcle quizzes.
Join for Free
OR
Log In

You Might Also Like...

Show Comments

Extras

Top Quizzes Today


Score Distribution

Your Account Isn't Verified!

In order to create a playlist on Sporcle, you need to verify the email address you used during registration. Go to your Sporcle Settings to finish the process.

Report this User

Report this user for behavior that violates our Community Guidelines.

Details: